| 000 | 00438nam a2200121Ia 4500 | ||
|---|---|---|---|
| 008 | 170221s9999 xx 000 0 und d | ||
| 100 | _aYanling Guan | ||
| 245 | 4 | _aThe Effect of Regulations on Pension Risk Shifting: Evidence from the US and Europe (pages 765–799) | |
| 245 | _cYanling Guan and Daphne Lui | ||
| 260 | _c2011 | ||
| 650 | _xBusiness | ||
| 856 | _uhttp://onlinelibrary.wiley.com/doi/10.1111/jbfa.2016.43.issue-5-6/issuetoc | ||
| 999 |
_c309789 _d309789 |
||